| 000 | 00368nam a2200145Ia 4500 | ||
|---|---|---|---|
| 008 | 240624s9999 xx 000 0 und d | ||
| 041 | _aeng | ||
| 082 | _a658.3 DOW | ||
| 100 | _aDOWLING PETER J | ||
| 245 | _aINTERNATIONAL HUMAN RESOURCE MANAGEMENT | ||
| 250 | _a(3rd ed.) | ||
| 260 |
_c2004 _aSingapore _bThomson Asia |
||
| 300 | _axi, : 324 : cm. ; 24 | ||
| 365 | _cRS | ||
| 999 |
_c2379 _d2379 |
||